Регионална библиотека "Любен Каравелов" - Русе

Съвременните идеали на образованието и значението им за възпитанието и обучението (Запис номер 134291)

MARC детайли
000 -Лидер
Контролно поле с фиксирана дължина 01854nam a2200361 c 4500
003 - Код на организацията, давaща контролен номер
Контролно поле BLK
005 - Дата и час на последна редакция
Контролно поле 20201014144144.0
008 - Елементи от данни с фиксирана дължина
fixed length control field 180409b bul|||||r ||||||| ||bul||
010 ## - Наследен системен номер
LC control number KNG00140199000
040 ## - Източник на каталожния запис
Идентификатор на билиотеката - собственик на записа BLK
041 ## - Код за език
Код за езика на текст/звукозапис или на отделно заглавие Български
Код за езика КДБФ Български
080 ## - УДК
Текстов определител УДК Основни форми на възпитание и образование
УДК код - определител по УДК 37.018
УДК - код + определител 37.018
080 ## - УДК
Текстов определител УДК Организация на възпитанието и образованието. Училищно дело.
УДК код - определител по УДК 37.09
УДК - код + определител 37.09
100 1# - Редна дума - Автор
Автор Лютге, Ернст
Авторска отговорност първи автор
R(LIN) 90359
139 ## - Редно поле
Редна дума Лютге, Ернст
Авторски знак Лют - Л 96
245 10 - Сведения за заглавието
Заглавие Съвременните идеали на образованието и значението им за възпитанието и обучението
Подзаглавни данни Принос за оценка соц.-пед. реформни стремежи
Редно поле (дума) Ернст Лютге; прев. от нем. Петър Минев.
257 ## - Страна на издаване
Страна на създаване/издаване Германия
260 ## - Област на издателските данни
Име на издателя, разпространителя и проч. книж. Е. П. Христов
Година на издаване 1902
Печатница Варна : скоропеч. Зора на П. Н. Икономов
300 ## - Физическа характеристика
Страници 112 с.
Размери/Мащаб 19 см
380 ## - Жанр
Жанр Обществени науки
490 1# - СЕРИИ (Колекции)
Име на серия Домашна библиотека
№: серия Кн. 5
490 ## - СЕРИИ (Колекции)
Име на серия Колекция Редки и ценни издания
9 (RLIN) 435080
501 ## - Забележка „подвързано към”
Забележка: Подвързано към... Екз. с инв. № 767381 е подв. към Из Царството на лъжите / Макс Нордау със сигн. Рб 899 и инв. № 13313-а.
650 #4 - Допълнително описание по предмет – тема
Основно описание – тема или топоним Възпитание - основни форми
9 (RLIN) 288215
650 #4 - Допълнително описание по предмет – тема
Основно описание – тема или топоним Образование - основни форми
9 (RLIN) 299857
653 ## - Ключова дума – ненормативна
Ключова дума възпитание
653 ## - Ключова дума – ненормативна
Ключова дума образование
700 1# - Други автори (авторска отговорност)
Лично име Минев, Петър
Автороска отговорност (Описва отношението между автора и произведението) прев. от нем.
9 (RLIN) 324339
852 ## - Местоположение
Форматна сигнатура Рб 899
Фондова буква Редки и ценни
856 4# - Електронен адрес и достъп
Електронен формат pdf - файл
856 4# - Електронен адрес и достъп
Електронен формат pdf - файл
999 ## - СИСТЕМНИ КОНТРОЛНИ НОМЕРА
Koha biblionumber 134291
Koha biblioitemnumber 134291
942 ## - АРТИКУЛИ
Вид на библиотечния материал Книги
Скрит в OPAC Не
Периодичен библиозапис Да
944 ## - СЪЗДАВАНЕ И РЕДАКЦИЯ на ЗАПИСА
Създаване/Редакция Създаване
Дата на регистрацията/редакция 01.03.2013
Статус, дата на статуса ф / 01.03.2013
Служител, извършил регистрацията/редакцията Людмила_Стоянова
944 ## - СЪЗДАВАНЕ И РЕДАКЦИЯ на ЗАПИСА
Създаване/Редакция Редакция
Дата на регистрацията/редакция 21.10.2013
Статус, дата на статуса ф / 01.03.2013
999 ## - СИСТЕМНИ КОНТРОЛНИ НОМЕРА
Koha biblioitemnumber 134291
999 ## - СИСТЕМНИ КОНТРОЛНИ НОМЕРА
Koha biblioitemnumber 134291
999 ## - СИСТЕМНИ КОНТРОЛНИ НОМЕРА
Koha biblioitemnumber 134291
Наличности
Код за отписване Код за изгубен артикул Източник на класификационната схема Код за повреда Коз за рестрикции Код за отдаване Артикулен № Име на библиотеката - собственик Име на библиотеката, в която се намира в момента Статус (Текущо местоположение) Дата на вписване в системата Местоположение - отдел Цена в лева Инвентарен номер Систематично азбучна сигнатура Баркод Номер на екземпляра Цена в евро Служебна бележка Служебен тип на артикула
  Не е изгубен Universal Decimal Classification Не е повреден без рестрикции ползва се в читалня 219256 Регионална библиотека "Любен Каравелов" Русе Регионална библиотека "Любен Каравелов" Русе Хранилище 1902-01-01 Основен фонд - ползва се само за читалня 0.16 12983 Цб 3.190.12983 900000042210 1 0.08 N: стар фонд Дата: 01.01.1902 Книги
  Не е изгубен Universal Decimal Classification Не е повреден само за читалня Специални фондове ( старопечатни, редки и ценни, фонд М. Арнаудов) 219257 Регионална библиотека "Любен Каравелов" Русе Регионална библиотека "Любен Каравелов" Русе Редки и ценни 2013-06-25 Редки и ценни 20.00 120000767381 Рб 899 120000767381 2 10.23 Дост: DA Вид: А N: 14 Дата: 25.06.2013 Дата инв: 16.12.2016 Бележки инв: Рц2016 Книги
Vip Innovations Ltd, Rousse, Bulgaria 2025